| 000 | 00929nam a2200229Ia 4500 | ||
|---|---|---|---|
| 008 | 100315s9999 xx 000 0 und d | ||
| 020 | _a0074630407 | ||
| 040 | _cENGLISH | ||
| 082 |
_b7203 _a005.74 |
||
| 100 | _a"Bajaj, K.K., Nag, Debjani " | ||
| 245 | _a"From EDI to Electronic Commerce : Confernce Proceedings Oct.30- Nov. 1, 1996 New Delhi, India" | ||
| 260 |
_aNEW DELHI _bTATA MCGRAW-HILL _c1997 |
||
| 300 | _a"xii,320 " | ||
| 365 |
_eRupees _d1 _b0.00 |
||
| 366 | _f0 | ||
| 505 | _gVaibhav Gaikwad | ||
| 530 | _bDonated by RBI Library | ||
| 620 | _a"Electronic Commerce, Trade Procedures, Electronic Data Interchange, Value Added Networks " | ||
| 630 | _a"From EDI to Electronic Commerce : Confernce Proceedings Oct.30- Nov. 1, 1996 New Delhi, India" | ||
| 730 | _a"From EDI to Electronic Commerce : Confernce Proceedings Oct.30- Nov. 1, 1996 New Delhi, India" | ||
| 942 | _cBOOK | ||
| 999 |
_c481938 _d481935 |
||